El secreto de Maribárbola : (Record no. 192040)

MARC details
000 -LEADER
campo de control de longitud fija 01140nam a2200313 i 4500
001 - NÚMERO DE CONTROL
campo de control 192040
003 - IDENTIFICADOR DE NÚMERO DE CONTROL
campo de control SpMaBN
005 - FECHA Y HORA DE LA ÚLTIMA TRANSACCIÓN
campo de control 20250630060251.0
008 - DATOS DE LONGITUD FIJA--INFORMACIÓN GENERAL
campo de control de longitud fija 240207e2005 sp ||||| |||| 00| 0 spa d
017 ## - NÚMERO DE COPYRIGHT O DE DEPÓSITO LEGAL
Número de copyright o de depósito legal M 52007-2004
Agencia que asigna Oficina Depósito Legal Madrid
020 ## - NÚMERO INTERNACIONAL ESTÁNDAR DEL LIBRO
Número Internacional Estándar del Libro 8427030703
035 ## - NÚMERO DE CONTROL DEL SISTEMA
Número de control de sistema (OCoLC)433193059
040 ## - FUENTE DE CATALOGACIÓN
Centro catalogador/agencia de origen SpMaBN
Lengua de catalogación spa
Centro/agencia transcriptor SpMaBN
Normas de descripción rdc
080 ## - NÚMERO DE LA CLASIFICACIÓN DECIMAL UNIVERSAL
Número de la Clasificación Decimal Universal 821.134.2-31"19"
100 1# - ENTRADA PRINCIPAL--NOMBRE DE PERSONA
Nombre de persona Álvarez, María Teresa,
Fechas asociadas al nombre 1945-
Término indicativo de función/relación Autor
9 (RLIN) 175680
245 13 - MENCIÓN DEL TÍTULO
Título El secreto de Maribárbola :
Resto del título [¿qué ocultaba la enana de "Las Meninas"?] /
Mención de responsabilidad, etc. María Teresa Álvarez
250 ## - MENCION DE EDICION
Mención de edición Cuarta edición: enero de 2005
260 ## - PUBLICACIÓN, DISTRIBUCIÓN, ETC.
Lugar de publicación, distribución, etc. Madrid :
Nombre del editor, distribuidor, etc. Martínez Roca,
Fecha de publicación, distribución, etc. 2005
300 ## - DESCRIPCIÓN FÍSICA
Extensión 330 páginas ;
Dimensiones 24 cm
490 1# - MENCIÓN DE SERIE
Mención de serie MR novela histórica
500 ## - NOTA GENERAL
Nota general Índice
655 #7 - TERMINO DE INDIZACIÓN--GENERO/FORMA
Datos o término principal de género/forma Novelas históricas
Fuente del término tgfbne
9 (RLIN) 226782
830 #0 - PUNTO DE ACCESO ADICIONAL DE SERIE-TÍTULO UNIFORME
Título uniforme MR novela histórica
9 (RLIN) 123120
852 4# - LOCALIZACIÓN
Ubicación ES-MaACL
Número de control de estantería N-8227
Encuadernación Encuadernación: cartoné
Sublocalización o colección R. 152400
Ubicación en estantería Depósito J
Donativo/Legado Donación: José Lázaro García
itemnumber 199322
903 ## - NOMBRE PERSONAL DE DONANTE
9 234219
a Lázaro García, José
e Donante
942 ## - ELEMENTOS DE ENTRADA SECUNDARIOS (KOHA)
Tipo de ítem Koha Libro impreso
Suprimir en OPAC No
Holdings
Estatus retirado Estado de pérdida Fuente del sistema de clasificación o colocación Estado de daño No para préstamo Biblioteca de origen Biblioteca actual Ubicación en estantería Fecha de adquisición Fuente de adquisición Total de préstamos Signatura topográfica completa Código de barras Visto por última vez Tipo de ítem Koha
    Clasificación decimal universal     Biblioteca del Ateneo de Madrid Biblioteca del Ateneo de Madrid Sala Pecera Depósito 2 14/01/2019 Donación   N-8227 101206739 23/02/2023 Libro impreso